000 00769nam a2200241 4500
001 16493
003 HDC
007 cr bn ---aaaaa
008 210221c mydr|noo 0 a may d
040 _aHDC
245 0 _aNegara perlu keluarkan makanan bertaraf dunia'
260 _aMalaysia:
_bBerita Harian,
_c2003
336 _atext
_2rdacontent
337 _acomputer
_2rdamedia
338 _aonline resource
_2rdacarrier
650 _afood sector
_913099
650 _amanufacturer sector
_915581
710 _aBerita Harian
856 _zRequest full-text at [email protected]
942 _2lcc
942 _cNEWS
942 _kNSWO 008452
999 _c13809
_d13809